Strategic neighbourhood : A study of Indo-Bhutanese relations since 1949 (Record no. 20812)

MARC details
000 -LEADER
fixed length control field 00340nam a2200121Ia 4500
082 ## - DEWEY DECIMAL CLASSIFICATION NUMBER
Classification number RK.0134
100 ## - MAIN ENTRY--AUTHOR NAME
Personal name Kohli, Manorama
245 #0 - TITLE STATEMENT
Title Strategic neighbourhood : A study of Indo-Bhutanese relations since 1949
260 ## - PUBLICATION, DISTRIBUTION, ETC. (IMPRINT)
Year of publication 1989
Name of publisher ICSSR, New Delhi
300 ## - PHYSICAL DESCRIPTION
Number of Pages 121p.+bib
650 ## - SUBJECT ADDED ENTRY--TOPICAL TERM
Topical Term INDIA - FOREIGN RELATIONS - BHUTAN
942 ## - ADDED ENTRY ELEMENTS (KOHA)
Koha item type Research Reports
Source of classification or shelving scheme Dewey Decimal Classification
Holdings
Withdrawn status Lost status Damaged status Not for loan Collection code Home library Current library Date acquired Bill Date Full call number Accession Number Price effective from Koha item type
      Not For Loan ICSSR Research Project Reports NASSDOC Library NASSDOC Library 08/10/2004 2004-10-22 RK.0134 29164 18/04/2019 Research Reports